State DOT management techniques for materials and construction acceptance / (Record no. 529714)

000 -LEADER
fixed length control field 02098cam a2200457 a 4500
001 - CONTROL NUMBER
control field 2618617
003 - CONTROL NUMBER IDENTIFIER
control field NUST
005 - DATE AND TIME OF LATEST TRANSACTION
control field 20191002101132.0
008 - FIXED-LENGTH DATA ELEMENTS--GENERAL INFORMATION
fixed length control field 981005s1998 dcu b f000 0 eng c
010 ## - LIBRARY OF CONGRESS CONTROL NUMBER
LC control number 98067631
020 ## - INTERNATIONAL STANDARD BOOK NUMBER
International Standard Book Number 0309068177
Terms of availability $23.00
035 ## - SYSTEM CONTROL NUMBER
System control number (OCoLC)40199294
038 ## - RECORD CONTENT LICENSOR
Staff Name MSOHAIL
040 ## - CATALOGING SOURCE
Original cataloging agency CU-IT
Transcribing agency CU-IT
Modifying agency NmU
-- DLC
042 ## - AUTHENTICATION CODE
Authentication code pcc
043 ## - GEOGRAPHIC AREA CODE
Geographic area code n-us---
050 04 - LIBRARY OF CONGRESS CALL NUMBER
Classification number TE195
Item number .S65 1998
082 ## - DEWEY DECIMAL CLASSIFICATION NUMBER
Classification number 0
100 1# - MAIN ENTRY--PERSONAL NAME
Personal name Smith, Gary R.
Fuller form of name (Gary Roderick),
Dates associated with a name 1953-
9 (RLIN) 22297
245 10 - TITLE STATEMENT
Title State DOT management techniques for materials and construction acceptance /
Statement of responsibility, etc. Gary R. Smith.
246 3# - VARYING FORM OF TITLE
Title proper/short title State Department of Transportation management techniques for materials and construction acceptance
260 ## - PUBLICATION, DISTRIBUTION, ETC.
Place of publication, distribution, etc. Washington, D.C. :
Name of publisher, distributor, etc. National Academy Press,
Date of publication, distribution, etc. 1998.
300 ## - PHYSICAL DESCRIPTION
Extent 51 p. ;
Dimensions 28 cm.
440 #0 - SERIES STATEMENT/ADDED ENTRY--TITLE
Title Synthesis of highway practice ;
Volume/sequential designation 263
9 (RLIN) 22298
500 ## - GENERAL NOTE
General note At head of title: National Cooperative Highway Research Program
500 ## - GENERAL NOTE
General note "Transportation Research Board, National Research Council."
500 ## - GENERAL NOTE
General note "Research sponsored by the American Association of State Highway and Transportation Officials in cooperation with the Federal Highway Administration."
504 ## - BIBLIOGRAPHY, ETC. NOTE
Bibliography, etc. note Includes bibliographical references (p. 30).
650 #0 - SUBJECT ADDED ENTRY--TOPICAL TERM
Topical term or geographic name entry element Highway departments
Geographic subdivision United States
General subdivision Management.
9 (RLIN) 21609
650 #0 - SUBJECT ADDED ENTRY--TOPICAL TERM
Topical term or geographic name entry element Roads
Geographic subdivision United States
General subdivision Design and construction
-- Quality control.
9 (RLIN) 22299
650 #0 - SUBJECT ADDED ENTRY--TOPICAL TERM
Topical term or geographic name entry element Road materials
Geographic subdivision United States
General subdivision Testing.
9 (RLIN) 22300
650 #0 - SUBJECT ADDED ENTRY--TOPICAL TERM
Topical term or geographic name entry element Roads
General subdivision Inspection
Geographic subdivision United States.
9 (RLIN) 22301
710 2# - ADDED ENTRY--CORPORATE NAME
Corporate name or jurisdiction name as entry element National Cooperative Highway Research Program.
9 (RLIN) 20864
710 2# - ADDED ENTRY--CORPORATE NAME
Corporate name or jurisdiction name as entry element National Research Council (U.S.).
Subordinate unit Transportation Research Board.
9 (RLIN) 22302
710 2# - ADDED ENTRY--CORPORATE NAME
Corporate name or jurisdiction name as entry element American Association of State Highway and Transportation Officials.
9 (RLIN) 19553
710 1# - ADDED ENTRY--CORPORATE NAME
Corporate name or jurisdiction name as entry element United States.
Subordinate unit Federal Highway Administration.
9 (RLIN) 20149
906 ## - LOCAL DATA ELEMENT F, LDF (RLIN)
a 7
b cbc
c pccadap
d 2
e opcn
f 19
g y-gencatlg
942 ## - ADDED ENTRY ELEMENTS (KOHA)
Source of classification or shelving scheme
Koha item type Book
Holdings
Withdrawn status Lost status Source of classification or shelving scheme Damaged status Not for loan Permanent Location Current Location Date acquired Total Checkouts Barcode Date last seen Price effective from Koha item type
          School of Civil and Environmental Engineering (SCEE) School of Civil and Environmental Engineering (SCEE) 10/02/2019   NIT-11075 10/02/2019 10/02/2019 Book
© 2023 Central Library, National University of Sciences and Technology. All Rights Reserved.